Saraband
Μετά το διαζύγιό τους ο Γιόχαν και η Μάριαν ζουν χωριστά. Όταν θα ξανασυναντηθούν 32 χρόνια μετά, θα έρθουν αντιμέτωποι με το χαμένο χρόνο, τα λάθη που τους κράτησαν μακριά και τα νέα δεδομένα που πρέπει να χειριστούν....
Saved in:
| Other Authors: | , , , , |
|---|---|
| Format: | |
| Language: | Swedish Greek |
| Published: |
[Χ.τ.] :
[χ.ό.] ;
2003.
|
| Series: | Ταινιοθήκη του Σινεμά ;
44 |
| Subjects: | |
| Tags: |
Add Tag
No Tags, Be the first to tag this record!
|
MARC
| LEADER | 00000ngm a2200000 a 4500 | ||
|---|---|---|---|
| 001 | 1/126268 | ||
| 008 | 230310s2003####xx ||| | || ||swe|| | ||
| 040 | |a GR-MyUa |b gre |c GR-MyUa |e AACR2 | ||
| 041 | 0 | |a swe |j gre | |
| 082 | 7 | |a 791.437 |2 (23) | |
| 245 | 0 | 0 | |a Saraband |h [μαγνητοσκόπηση] / |c του Ίνγκμαρ Μπέργκμαν. |
| 260 | |a [Χ.τ.] : |b [χ.ό.] ; |c 2003. | ||
| 300 | |a 1 βιντεοδίσκος (120 λεπτά) : |b ομίλ., έγχρ. ; |c 4 3/4 ίν. | ||
| 490 | 1 | |a (Η ταινιοθήκη του Σινεμά ; |v 44) | |
| 500 | |a Κυκλοφόρησε πρώτη φορά ως κινηματογραφική ταινία το 2003. | ||
| 501 | |a Περιλαμβάνεται σε κασετίνα μαζί με: Persona. | ||
| 508 | |a Φωτογραφία, Στέφαν Έρικσον, Τσέσπερ Χόλστρομ, Περ-Όλοφ Λάντο, Σοφί Στρίντχ, Ρέιμοντ Βεμένλοφ ; μοντάζ, Σίλβια Ίνγκεμαρσον. | ||
| 511 | 0 | |a Λιβ Ούλμαν, Έρλαντ Γιόζεφσον, Μπόρχε Άλστεντ, Γκανέλ Φρεντ. | |
| 520 | 8 | |a Μετά το διαζύγιό τους ο Γιόχαν και η Μάριαν ζουν χωριστά. Όταν θα ξανασυναντηθούν 32 χρόνια μετά, θα έρθουν αντιμέτωποι με το χαμένο χρόνο, τα λάθη που τους κράτησαν μακριά και τα νέα δεδομένα που πρέπει να χειριστούν. | |
| 546 | |a Στα σουηδικά με υπότιτλους στα ελληνικά. | ||
| 650 | 0 | |a Divorced people |v Drama. | |
| 655 | 7 | |a Feature films |2 lcgft | |
| 700 | 1 | |a Bergman, Ingmar, |d 1918-2007, |e drt |e aus | |
| 700 | 1 | |a Ullmann, Liv, |e act | |
| 700 | 1 | |a Josephson, Erland, |d 1923-2012, |e act | |
| 700 | 1 | |a Ahlstedt, Börje, |d 1939- |e act | |
| 700 | 1 | |a Fred, Gunnel, |d 1955- |e act | |
| 830 | 0 | |a Ταινιοθήκη του Σινεμά ; |v 44 | |
| 970 | |a Κοντού |b Παρασκευή |z 10/03/23 | ||